| 000 | 01197nam a2200229 a 4500 | ||
|---|---|---|---|
| 008 | 120416s1984 ||||||||||||||||| || u | ||
| 020 | _a0728200740 | ||
| 050 | _aHF 5415 Cle | ||
| 100 | _aCleaveley, Edward S | ||
| 245 | 1 | 4 | _aThe marketing of industrial and commercial property |
| 260 |
_aLondon _bEstates Gazette _c1984 |
||
| 300 | _axv, 172p. : ill. | ||
| 350 | _a0.00 | ||
| 650 | 0 | _aMARKETING--MANAGEMENT--CASE STUDIES | |
| 650 | _aMARKETING -- INDUSTRIAL PROPERTY | ||
| 650 | _aMARKETING -- COMMERCIAL PROPERTY | ||
| 700 | _aOrchard-Lisle, Paul | ||
| 995 |
_aANNEX COLLECTION (Main Library) _D0.00 _e726303 _FCBU-MAIN LIBRARY (Kitwe) _H4 _I20.30 _jHF 5415 Cle _M4 _UAVAILABLE _y000343 _ZAnnex Low-Usage Collection |
||
| 995 |
_aMAIN LIBRARY OPEN ACCESS _D0.00 _e726302 _FCBU-MAIN LIBRARY (Kitwe) _H1 _I20.30 _jHF 5415 Cle _M1 _UAVAILABLE _y000340 _ZMain Library Open Access Collection |
||
| 995 |
_aMAIN LIBRARY OPEN ACCESS _D0.00 _e726301 _FCBU-MAIN LIBRARY (Kitwe) _H2 _I20.30 _jHF 5415 Cle _M2 _UOUT _y000341 _ZMain Library Open Access Collection |
||
| 995 |
_aANNEX COLLECTION (Main Library) _D0.00 _e726304 _FCBU-MAIN LIBRARY (Kitwe) _H3 _I20.30 _jHF 5415 Cle _M3 _UAVAILABLE _y000342 _ZAnnex Low-Usage Collection |
||
| 999 |
_c82663 _d82663 |
||